Vybrané problémy nedostatočnej konkurencie a súťaživosti
Základné prístupy k identifikácii a merania spoločenských strát prosperity a výkonnosti. Straty prosperity v dôsledku nesprávnej alokácie zdrojov spôsobenej nedostatočne konkurenčným charakterom trhových štruktúr. Celkové zhodnotenie tradičného poňatia odhadu nekrytých strát prosperity spôsobených m...
Guardado en:
| Autor principal: | |
|---|---|
| Formato: | Capítulo de libro |
| Lenguaje: | eslovaco |
| Materias: | |
| Etiquetas: |
Sin Etiquetas, Sea el primero en etiquetar este registro!
|
MARC
| LEADER | 00000naa a2200000 4500 | ||
|---|---|---|---|
| 001 | r049101 | ||
| 005 | 20230808082219.1 | ||
| 041 | 0 | |a slo | |
| 044 | |a SK | ||
| 245 | 1 | 0 | |a Vybrané problémy nedostatočnej konkurencie a súťaživosti |c Mária Tokárová |
| 520 | |a Základné prístupy k identifikácii a merania spoločenských strát prosperity a výkonnosti. Straty prosperity v dôsledku nesprávnej alokácie zdrojov spôsobenej nedostatočne konkurenčným charakterom trhových štruktúr. Celkové zhodnotenie tradičného poňatia odhadu nekrytých strát prosperity spôsobených monopolnými deformáciami. | ||
| 610 | 2 | 0 | |a konkurencia |
| 610 | 2 | 0 | |a koncentrácia |
| 610 | 2 | 0 | |a politika protimonopolná |
| 610 | 2 | 0 | |a súťaž hospodárska |
| 610 | 2 | 0 | |a prosperita ekonomická |
| 610 | 2 | 0 | |a alokácia faktorov výrobných |
| 100 | 1 | |a Tokárová, Mária | |